[Event "Berlin-ch Seniors op 32nd"]
[Site "Berlin"]
[Date "2016.02.04"]
[Round "9"]
[White "Helm, Irmgard"]
[Black "Moeller, Dirk Halvard"]
[Result "1-0"]
[WhiteElo "1622"]
[BlackElo "1548"]
[PlyCount "75"]
[EventDate "2016.01.26"]
[EventType "swiss"]
[EventRounds "9"]
[EventCountry "GER"]
[SourceTitle "EXT 2019"]
[Source "ChessBase"]
[SourceDate "2018.10.10"]
[SourceVersion "1"]
[SourceVersionDate "2018.10.10"]
[SourceQuality "1"]

1. d4 f5 2. Nf3 Nf6 3. Bg5 g6 4. Nbd2 Bg7 5. c3 0-0 6. e3 d5 7. c4 c6 8. cxd5 cxd5 9. Rc1 Nc6 10. Bb5 Ne4 11. Bxc6 bxc6 12. Rxc6 Bd7 13. Rc1 Bb5 14. a4 Bd3 15. Nb3 Bc4 16. Bf4 Rc8 17. Nbd2 Qa5 18. Rxc4 Rxc4 19. 0-0 Rxa4 20. Nb3 Qb4 21. Nc5 Nxc5 22. dxc5 Qe4 23. Ng5 Qb4 24. Qxd5+ Kh8 25. Nf7+ Rxf7 26. Qxf7 Qc4 27. Qe8+ Qg8 28. Qxa4 e5 29. Bg5 h6 30. Be7 Qb8 31. Rd1 Qxb2 32. Qe8+ Kh7 33. g3 Qe2 34. Rd8 Qe1+ 35. Kg2 g5 36. Bxg5 f4 37. Bxf4 exf4 38. Qe4# 1-0

[Event "Berlin-ch Seniors op 32nd"]
[Site "Berlin"]
[Date "2016.01.30"]
[Round "5"]
[White "Helm, Irmgard"]
[Black "Walther, Lothar O"]
[Result "1-0"]
[WhiteElo "1622"]
[BlackElo "1470"]
[PlyCount "47"]
[EventDate "2016.01.26"]
[EventType "swiss"]
[EventRounds "9"]
[EventCountry "GER"]
[SourceTitle "EXT 2019"]
[Source "ChessBase"]
[SourceDate "2018.10.10"]
[SourceVersion "1"]
[SourceVersionDate "2018.10.10"]
[SourceQuality "1"]

1. d4 Nf6 2. Nf3 e6 3. Bg5 Be7 4. e3 d5 5. Nbd2 Nbd7 6. c4 c5 7. Rc1 0-0 8. Bd3 Kh8 9. 0-0 h6 10. Bh4 Nh7 11. Bxe7 Qxe7 12. Qc2 f5 13. cxd5 cxd4 14. Nxd4 Ne5 15. dxe6 Nxd3 16. Qxd3 Bxe6 17. N2f3 Rad8 18. Ne5 Bd5 19. Ng6+ Kg8 20. Nxe7+ Kf7 21. Rc7 Be6 22. Nexf5+ Kf6 23. Nh4 g5 24. Qg6+ 1-0

[Event "Berlin-ch Seniors op 32nd"]
[Site "Berlin"]
[Date "2016.01.26"]
[Round "1"]
[White "Will, Wolfgang"]
[Black "Helm, Irmgard"]
[Result "1-0"]
[WhiteElo "1889"]
[BlackElo "1622"]
[PlyCount "61"]
[EventDate "2016.01.26"]
[EventType "swiss"]
[EventRounds "9"]
[EventCountry "GER"]
[SourceTitle "EXT 2019"]
[Source "ChessBase"]
[SourceDate "2018.10.10"]
[SourceVersion "1"]
[SourceVersionDate "2018.10.10"]
[SourceQuality "1"]

1. e4 c5 2. Nf3 a6 3. d4 cxd4 4. Nxd4 e5 5. Nb3 Nc6 6. Be3 b6 7. Bc4 Nf6 8. Bd5 Nxd5 9. exd5 Nb4 10. a3 Bb7 11. axb4 Bxb4+ 12. c3 Bd6 13. Qd3 a5 14. N1d2 a4 15. Ne4 Qe7 16. Nbd2 0-0 17. Bxb6 Ra6 18. Nc4 Rc8 19. Ncxd6 Rxb6 20. Nxc8 Bxc8 21. Rxa4 h6 22. Ra8 Qd8 23. Qc4 Rxb2 24. 0-0 Kh8 25. Rxc8 Rb8 26. Rxd8+ Rxd8 27. Qc7 Rf8 28. Qxd7 f5 29. Nd6 g6 30. Nf7+ Kh7 31. Ng5+ 1-0

[Event "Hessen-ch Seniors op 10th"]
[Site "Bad Sooden-Allendorf"]
[Date "2014.05.01"]
[Round "6"]
[White "Grasmeyer, Klaus Peter"]
[Black "Helm, Irmgard"]
[Result "1-0"]
[WhiteElo "1795"]
[BlackElo "1664"]
[PlyCount "69"]
[EventDate "2014.04.26"]
[EventType "swiss"]
[EventRounds "9"]
[EventCountry "GER"]
[SourceTitle "EXT 2018"]
[Source "ChessBase"]
[SourceDate "2017.10.13"]
[SourceVersion "1"]
[SourceVersionDate "2017.10.13"]
[SourceQuality "1"]

1. d4 d5 2. Nf3 Nc6 3. e3 a6 4. Be2 Nf6 5. 0-0 Bf5 6. b3 e6 7. Bb2 Bd6 8. Nbd2 0-0 9. Nh4 Ne4 10. Nxf5 exf5 11. Nf3 Qe7 12. c4 Qe6 13. c5 Be7 14. a3 g5 15. Re1 g4 16. Nd2 b6 17. Nxe4 dxe4 18. d5 Qh6 19. dxc6 Rad8 20. Qc2 Bxc5 21. Bxa6 Bd6 22. g3 f6 23. Rad1 Be5 24. Bxe5 fxe5 25. Rd7 f4 26. exf4 exf4 27. Bc4+ Kh8 28. Qc3+ Qf6 29. Qxf6+ Rxf6 30. Rxd8+ Kg7 31. Rd7+ Kg6 32. Rxe4 h5 33. Re6 Rxe6 34. Bxe6 Kf6 35. Bc4 1-0

[Event "Berlin-ch Seniors op 30th"]
[Site "Berlin"]
[Date "2014.02.04"]
[Round "6"]
[White "Helm, Irmgard"]
[Black "Scheumann, Joachim"]
[Result "1/2-1/2"]
[WhiteElo "1234"]
[BlackElo "1350"]
[PlyCount "60"]
[EventDate "2014.01.30"]
[EventType "swiss"]
[EventRounds "9"]
[EventCountry "GER"]
[SourceTitle "EXT 2018"]
[Source "ChessBase"]
[SourceDate "2017.10.13"]
[SourceVersion "1"]
[SourceVersionDate "2017.10.13"]
[SourceQuality "1"]

1. e4 e5 2. Nf3 d6 3. h3 Nf6 4. Nc3 Be7 5. Bc4 0-0 6. d4 exd4 7. Nxd4 Nxe4 8. Nxe4 d5 9. Bd3 dxe4 10. Bxe4 Re8 11. 0-0 Bf6 12. Bxh7+ Kh8 13. Qh5 Re5 14. Bf5+ Kg8 15. Qh7+ Kf8 16. Qh8+ Ke7 17. Qxd8+ Kxd8 18. Rd1 Rd5 19. Be3 Bxf5 20. Nxf5 Rxd1+ 21. Rxd1+ Ke8 22. Re1 Kd8 23. c3 Nd7 24. Bd4 g6 25. Bxf6+ Nxf6 26. Rd1+ Ke8 27. Re1+ Kf8 28. Nd4 c6 29. g4 Nd5 30. Re4 Re8 1/2-1/2

[Event "Berlin-ch Seniors op 30th"]
[Site "Berlin"]
[Date "2014.02.02"]
[Round "4"]
[White "Helm, Irmgard"]
[Black "Burkert, Wolfgang"]
[Result "1-0"]
[WhiteElo "1234"]
[BlackElo "1345"]
[PlyCount "54"]
[EventDate "2014.01.30"]
[EventType "swiss"]
[EventRounds "9"]
[EventCountry "GER"]
[SourceTitle "EXT 2018"]
[Source "ChessBase"]
[SourceDate "2017.10.13"]
[SourceVersion "1"]
[SourceVersionDate "2017.10.13"]
[SourceQuality "1"]

1. e4 c5 2. Nf3 Nc6 3. Bc4 d6 4. h3 e6 5. Nc3 a6 6. a3 Nf6 7. d3 b5 8. Ba2 Bb7 9. Bg5 Be7 10. Be3 0-0 11. Qd2 Qc7 12. g4 h6 13. 0-0-0 Rad8 14. g5 hxg5 15. Bxg5 Nh7 16. Bxe7 Qxe7 17. Rdg1 Qf6 18. Rg3 Kh8 19. h4 Qh6 20. Rgh3 Qxd2+ 21. Kxd2 Ne7 22. Ng5 Ng6 23. Ne2 Ne5 24. Rg3 g6 25. Nxh7 Kxh7 26. h5 Kg7 27. hxg6 fxg6 1-0

[Event "Berlin-ch Seniors op 30th"]
[Site "Berlin"]
[Date "2014.01.31"]
[Round "2"]
[White "Helm, Irmgard"]
[Black "Moeller, Dirk Halvard"]
[Result "0-1"]
[WhiteElo "1234"]
[BlackElo "1514"]
[PlyCount "122"]
[EventDate "2014.01.30"]
[EventType "swiss"]
[EventRounds "9"]
[EventCountry "GER"]
[SourceTitle "EXT 2018"]
[Source "ChessBase"]
[SourceDate "2017.10.13"]
[SourceVersion "1"]
[SourceVersionDate "2017.10.13"]
[SourceQuality "1"]

1. d4 f5 2. Nf3 Nf6 3. Nc3 g6 4. Bg5 Bg7 5. e3 0-0 6. Bc4+ d5 7. Bb3 c6 8. Ne2 Nbd7 9. c4 h6 10. Bf4 Qe8 11. cxd5 cxd5 12. Rc1 Nb6 13. h4 Bd7 14. Ne5 Bc6 15. Ng3 Bb5 16. h5 g5 17. Ng6 gxf4 18. Nxf4 e6 19. Ng6 Rf7 20. Ne5 Re7 21. Ne2 Nxh5 22. Nf4 Nxf4 23. exf4 Bxe5 24. dxe5 Qg6 25. Qf3 Rg7 26. g3 Bc4 27. Bxc4 dxc4 28. Qc3 Rd7 29. Qf3 Kh7 30. Rd1 Rad8 31. Rd6 Rxd6 32. exd6 Rxd6 33. Qxb7+ Rd7 34. Qf3 Qg4 35. Qxg4 fxg4 36. Rh4 Rg7 37. Rh5 Kg6 38. Re5 Kf6 39. Kd2 Nd5 40. Re4 Rc7 41. Re5 c3+ 42. bxc3 Nxc3 43. a3 Nd5 44. Re4 Rd7 45. Kc2 Rc7+ 46. Kb2 Nc3 47. Rb4 Nd1+ 48. Ka2 Nxf2 49. Rb2 Nd3 50. Rd2 Nc5 51. Rd8 Ne4 52. Rd3 Rc2+ 53. Kb1 Rg2 54. Rd7 a6 55. Rd4 Nxg3 56. Ra4 Rg1+ 57. Kb2 Ne2 58. Kc2 Rf1 59. Rxa6 Nxf4 60. Ra8 g3 61. Rf8+ Kg5 0-1

[Event "Hessen-ch Seniors op 09th"]
[Site "Bad Sooden-Allendorf"]
[Date "2013.04.20"]
[Round "1"]
[White "Jauch, Dieter"]
[Black "Helm, Irmgard"]
[Result "1-0"]
[WhiteElo "1950"]
[BlackElo "1690"]
[PlyCount "83"]
[EventDate "2013.04.20"]
[EventType "swiss"]
[EventRounds "9"]
[EventCountry "GER"]
[SourceTitle "EXT 2019"]
[Source "ChessBase"]
[SourceDate "2018.10.10"]
[SourceVersion "1"]
[SourceVersionDate "2018.10.10"]
[SourceQuality "1"]

1. d4 d5 2. Nf3 Nc6 3. Nbd2 Bg4 4. h3 Bh5 5. g4 Bg6 6. Bg2 Nf6 7. c3 e6 8. Ne5 Bd6 9. Qa4 0-0 10. Nxc6 bxc6 11. Qxc6 Rb8 12. Qa4 e5 13. dxe5 Bxe5 14. 0-0 Re8 15. f4 Bd6 16. f5 Bc5+ 17. Kh1 Nxg4 18. Qxg4 h5 19. Qf4 Be3 20. Qf3 Bh7 21. Nb3 Qg5 22. Bxe3 Rxe3 23. Qf4 Qe7 24. Bf3 Re5 25. Rg1 Rxf5 26. Qg3 Bg6 27. Nd4 Rf6 28. b4 a6 29. Bxd5 Be4+ 30. Bxe4 Qxe4+ 31. Qg2 Qxg2+ 32. Rxg2 Re8 33. Rag1 g6 34. Rg5 Kh7 35. Kh2 Re3 36. R1g3 Re4 37. Kg2 Ref4 38. Rf3 Rxf3 39. exf3 Kh6 40. Rc5 c6 41. Rxc6 Kg7 42. a4 1-0

[Event "Hessen-ch Seniors op 08th"]
[Site "Bad Sooden-Allendorf"]
[Date "2012.04.18"]
[Round "5"]
[White "Helm, Irmgard"]
[Black "Dinius, Helmut"]
[Result "1/2-1/2"]
[WhiteElo "1709"]
[BlackElo "1778"]
[PlyCount "86"]
[EventDate "2012.04.14"]
[EventType "swiss"]
[EventRounds "9"]
[EventCountry "GER"]
[SourceTitle "EXT 2019"]
[Source "ChessBase"]
[SourceDate "2018.10.10"]
[SourceVersion "1"]
[SourceVersionDate "2018.10.10"]
[SourceQuality "1"]

1. d4 d5 2. c4 e6 3. Nf3 Nc6 4. e3 Nf6 5. Nc3 dxc4 6. Bxc4 Be7 7. 0-0 0-0 8. Bb3 a6 9. Bc2 h6 10. Ne4 Nxe4 11. Bxe4 Bd7 12. a3 Rb8 13. Bc2 f5 14. Qd3 Be8 15. Bb3 Bf7 16. e4 Qd7 17. Rd1 Rbd8 18. Be3 Qc8 19. h3 Bf6 20. e5 Nxe5 21. Nxe5 Bxe5 22. f4 Bf6 23. Bc2 Bg6 24. Qe2 Kh7 25. g4 Be7 26. g5 Rd6 27. h4 Qe8 28. Qf3 Bh5 29. Qg3 Bxd1 30. Rxd1 h5 31. Kf2 g6 32. b4 Rf7 33. Bb3 Bf8 34. Qf3 Qc6 35. d5 Qc3 36. Bc5 Qxf3+ 37. Kxf3 Rd8 38. dxe6 Rxd1 39. Bxd1 Bxc5 40. exf7 Bd6 41. Bb3 c5 42. bxc5 Bxc5 43. a4 Kg7 1/2-1/2

[Event "Hessen-ch Seniors op 08th"]
[Site "Bad Sooden-Allendorf"]
[Date "2012.04.16"]
[Round "3"]
[White "Helm, Irmgard"]
[Black "Burckhardt, Karl"]
[Result "1/2-1/2"]
[WhiteElo "1709"]
[BlackElo "1988"]
[PlyCount "96"]
[EventDate "2012.04.14"]
[EventType "swiss"]
[EventRounds "9"]
[EventCountry "GER"]
[SourceTitle "EXT 2019"]
[Source "ChessBase"]
[SourceDate "2018.10.10"]
[SourceVersion "1"]
[SourceVersionDate "2018.10.10"]
[SourceQuality "1"]

1. e4 d5 2. e5 d4 3. Nf3 Nc6 4. Bb5 Bd7 5. c3 dxc3 6. Nxc3 e6 7. d4 Bb4 8. 0-0 Nge7 9. Bg5 h6 10. Bh4 Bxc3 11. bxc3 Nxe5 12. Bxd7+ Nxd7 13. Qa4 g5 14. Bg3 c6 15. Qc2 0-0 16. Rae1 Nf5 17. Ne5 Rc8 18. h4 gxh4 19. Bh2 Nxe5 20. Bxe5 Qg5 21. Re4 h3 22. g3 Rfe8 23. Qe2 h5 24. Kh2 Kf8 25. g4 Ke7 26. Rg1 Rg8 27. Bf4 Qg6 28. g5 Nh6 29. Kxh3 Qf5+ 30. Kh4 Ng4 31. f3 Nh6 32. Qh2 Qg6 33. Bd6+ Kd7 34. Bc5 Nf5+ 35. Kh3 b6 36. Ba3 f6 37. f4 fxg5 38. fxg5 c5 39. dxc5 bxc5 40. Rd1+ Ke7 41. Re5 Qxg5 42. Re4 Qg3+ 43. Qxg3 Rxg3+ 44. Kh2 Rxc3 45. Bc1 Rc2+ 46. Kh3 Rg8 47. Bf4 Rxa2 48. Rh1 Rgg2 1/2-1/2

[Event "Hessen-ch Seniors op 07th"]
[Site "Bad Sooden-Allendorf"]
[Date "2011.05.08"]
[Round "9"]
[White "Alefs, Willi"]
[Black "Helm, Irmgard"]
[Result "1-0"]
[WhiteElo "1579"]
[BlackElo "1333"]
[PlyCount "147"]
[EventDate "2011.04.30"]
[EventType "swiss"]
[EventRounds "9"]
[EventCountry "GER"]
[SourceTitle "EXT 2012"]
[Source "ChessBase"]
[SourceDate "2011.11.24"]
[SourceVersion "1"]
[SourceVersionDate "2011.11.24"]
[SourceQuality "1"]

1. c4 c5 2. Nc3 Nc6 3. g3 Nf6 4. Bg2 e6 5. d3 Be7 6. Nf3 0-0 7. b3 d5 8. e3 Qa5 9. Bd2 Qd8 10. 0-0 a6 11. a3 d4 12. Ne2 dxe3 13. Bxe3 Ng4 14. Bc1 Bf6 15. Ra2 h5 16. Nf4 g6 17. h3 Nge5 18. Be3 Nxf3+ 19. Bxf3 Bd4 20. Kh2 Qf6 21. Rg1 Bd7 22. Be4 e5 23. Nd5 Qe6 24. g4 Rac8 25. Qf3 f5 26. gxf5 Rxf5 27. Bxf5 Qxf5 28. Qxf5 Bxf5 29. Rd2 Kf7 30. b4 cxb4 31. axb4 Rd8 32. Rb1 b5 33. Bg5 Rd6 34. cxb5 axb5 35. Nc7 Na7 36. Rc1 Bb6 37. Na8 Bd8 38. Bxd8 Rxd8 39. Rc7+ Rd7 40. Rxd7+ Bxd7 41. Rc2 Nc6 42. Rc5 Nxb4 43. Rxe5 Nxd3 44. Rd5 Bc6 45. Rxd3 Bxa8 46. Rc3 Ke6 47. Rc5 b4 48. Rb5 Be4 49. Rxb4 Kf5 50. Kg3 g5 51. Rb5+ Kf6 52. f3 Bf5 53. Rb8 h4+ 54. Kg2 Kg7 55. Rb4 Kh6 56. f4 gxf4 57. Rxf4 Kg5 58. Rd4 Be6 59. Re4 Bf5 60. Re8 Bg6 61. Rg8 Kh6 62. Rf8 Be4+ 63. Kf2 Kg5 64. Rg8+ Bg6 65. Kf3 Kf5 66. Rf8+ Kg5 67. Ke3 Bf5 68. Rg8+ Bg6 69. Kd4 Kf6 70. Rh8 Kg5 71. Ke5 Bd3 72. Rg8+ Bg6 73. Rf8 Bc2 74. Rf4 1-0

[Event "Hessen-ch Seniors op 07th"]
[Site "Bad Sooden-Allendorf"]
[Date "2011.05.04"]
[Round "5"]
[White "Schneider, Hans"]
[Black "Helm, Irmgard"]
[Result "1/2-1/2"]
[WhiteElo "1475"]
[BlackElo "1333"]
[PlyCount "49"]
[EventDate "2011.04.30"]
[EventType "swiss"]
[EventRounds "9"]
[EventCountry "GER"]
[SourceTitle "EXT 2012"]
[Source "ChessBase"]
[SourceDate "2011.11.24"]
[SourceVersion "1"]
[SourceVersionDate "2011.11.24"]
[SourceQuality "1"]

1. Nf3 d5 2. g3 e6 3. Bg2 Nc6 4. d3 Nf6 5. Nbd2 Be7 6. 0-0 0-0 7. c3 e5 8. Qc2 Bg4 9. h3 Bh5 10. Re1 Qd7 11. e4 dxe4 12. dxe4 Bg6 13. Nh4 Bc5 14. b4 Bb6 15. a4 a6 16. Nc4 Ba7 17. Be3 Qe6 18. Bxa7 Nxa7 19. Ne3 Nc8 20. Rad1 Nd6 21. Nxg6 hxg6 22. Rd2 g5 23. Nd5 Nfe8 24. Ne3 Nf6 25. Nd5 1/2-1/2

[Event "Hessen-ch Seniors op 07th"]
[Site "Bad Sooden-Allendorf"]
[Date "2011.05.03"]
[Round "4"]
[White "Helm, Irmgard"]
[Black "Kaldune, Helmut"]
[Result "1-0"]
[WhiteElo "1333"]
[BlackElo "1200"]
[PlyCount "53"]
[EventDate "2011.04.30"]
[EventType "swiss"]
[EventRounds "9"]
[EventCountry "GER"]
[SourceTitle "EXT 2012"]
[Source "ChessBase"]
[SourceDate "2011.11.24"]
[SourceVersion "1"]
[SourceVersionDate "2011.11.24"]
[SourceQuality "1"]

1. d4 d5 2. c4 c6 3. Nc3 e6 4. Nf3 Nf6 5. Bg5 Be7 6. e3 h6 7. Bh4 Nbd7 8. cxd5 Nxd5 9. Bxe7 Qxe7 10. Rc1 Qb4 11. Qd2 c5 12. a3 Qb6 13. Bd3 cxd4 14. exd4 N5f6 15. 0-0 Qc7 16. h3 Qd8 17. Nb5 0-0 18. Rfd1 Nd5 19. Ne5 a6 20. Nd6 f6 21. Ng4 f5 22. Nxh6+ gxh6 23. Qxh6 Rf6 24. Qg5+ Kf8 25. Bxf5 exf5 26. Nxf5 Qe8 27. Qg7# 1-0

[Event "Hessen-ch Seniors op 05th"]
[Site "Bad Sooden-Allendorf"]
[Date "2009.05.02"]
[Round "8"]
[White "Schmieder, Horst"]
[Black "Helm, Irmgard"]
[Result "1-0"]
[WhiteElo "1536"]
[BlackElo "1442"]
[PlyCount "127"]
[EventDate "2009.04.25"]
[EventType "swiss"]
[EventRounds "9"]
[EventCountry "GER"]
[SourceTitle "EXT 2022"]
[Source "ChessBase"]
[SourceDate "2021.10.06"]
[SourceVersion "1"]
[SourceVersionDate "2021.10.06"]
[SourceQuality "1"]

1. d4 d5 2. Nf3 Nc6 3. Bg5 h6 4. Bh4 Bf5 5. c3 Nf6 6. Nbd2 e6 7. e3 a6 8. Ne5 Be7 9. Nxc6 bxc6 10. Qa4 0-0 11. Qxc6 Ne4 12. Bxe7 Qxe7 13. Bxa6 Nxd2 14. Kxd2 Rab8 15. Bb7 Rfd8 16. Qc5 Qxc5 17. dxc5 Rxb7 18. b4 c6 19. a4 e5 20. f3 d4 21. e4 dxc3+ 22. Kxc3 Be6 23. Rhd1 Rdb8 24. Rab1 f5 25. Rd6 Bd7 26. Rb2 fxe4 27. fxe4 Be8 28. Re6 Rd8 29. Rd6 Rxd6 30. cxd6 Rd7 31. Rd2 Bg6 32. Kc4 Bxe4 33. Kc5 Kf7 34. g3 Ke6 35. a5 Bd5 36. b5 Rxd6 37. b6 Rd8 38. a6 Ra8 39. a7 e4 40. b7 Rxa7 41. b8Q Ra5+ 42. Kd4 Ra4+ 43. Ke3 Ra3+ 44. Kf4 Rf3+ 45. Kg4 Kf7 46. Qc7+ Kg6 47. Rxd5 cxd5 48. Qd6+ Rf6 49. Qxd5 Kh7 50. Qxe4+ Rg6+ 51. Kf3 h5 52. h3 Kh6 53. Qe3+ Kh7 54. h4 Rf6+ 55. Kg2 Rg6 56. Qe8 Rh6 57. Kh3 Rg6 58. Kg2 Rh6 59. Kf3 Rf6+ 60. Ke4 Rg6 61. Qe5 Kh6 62. Kf5 Rf6+ 63. Qxf6+ gxf6 64. Kxf6 1-0

[Event "Hessen-ch Seniors op 05th"]
[Site "Bad Sooden-Allendorf"]
[Date "2009.04.27"]
[Round "3"]
[White "Spaete, Erwin"]
[Black "Helm, Irmgard"]
[Result "0-1"]
[WhiteElo "1537"]
[BlackElo "1442"]
[PlyCount "54"]
[EventDate "2009.04.25"]
[EventType "swiss"]
[EventRounds "9"]
[EventCountry "GER"]
[SourceTitle "EXT 2022"]
[Source "ChessBase"]
[SourceDate "2021.10.06"]
[SourceVersion "1"]
[SourceVersionDate "2021.10.06"]
[SourceQuality "1"]

1. d4 d5 2. Nc3 Nf6 3. Bg5 Nbd7 4. f3 h6 5. Bxf6 Nxf6 6. e4 dxe4 7. fxe4 Bg4 8. Nf3 e6 9. Be2 Bb4 10. Qd3 0-0 11. h3 Bh5 12. 0-0 Bg6 13. Ne5 Bxc3 14. Nxg6 Qxd4+ 15. Kh1 Bxb2 16. Nxf8 Bxa1 17. Ng6 fxg6 18. Qb3 Re8 19. Qxb7 Qe5 20. Bb5 Rd8 21. Bc6 Bd4 22. Rd1 Nh5 23. g4 Ng3+ 24. Kg2 Qf4 25. Rxd4 Rxd4 26. Qc8+ Kh7 27. Qxe6 Rd2+ 0-1

[Event "Hessen-ch Seniors op 04th"]
[Site "Bad Sooden-Allendorf"]
[Date "2008.04.24"]
[Round "1"]
[White "Piastowski, Kurt"]
[Black "Helm, Irmgard"]
[Result "1-0"]
[WhiteElo "1783"]
[BlackElo "1433"]
[PlyCount "83"]
[EventDate "2008.04.24"]
[EventType "swiss"]
[EventRounds "9"]
[EventCountry "GER"]
[SourceTitle "EXT 2022"]
[Source "ChessBase"]
[SourceDate "2021.10.06"]
[SourceVersion "1"]
[SourceVersionDate "2021.10.06"]
[SourceQuality "1"]

1. d4 d5 2. Nf3 Bg4 3. Bf4 Nc6 4. Nbd2 Nf6 5. h3 Bf5 6. c3 e6 7. Qa4 Nd7 8. Ne5 Bd6 9. Nxc6 bxc6 10. Bxd6 cxd6 11. Qxc6 Rb8 12. Nb3 Rb6 13. Qa4 Qc7 14. e3 0-0 15. Rd1 Bc2 16. Rd2 Bxb3 17. axb3 Rfb8 18. b4 Nf6 19. Bd3 e5 20. 0-0 exd4 21. exd4 Ne4 22. Re2 f5 23. Rfe1 Qf7 24. f3 Nf6 25. Re7 Qh5 26. Rxa7 Rd8 27. Ree7 Ne8 28. Qa5 Rbb8 29. Qxd5+ Kh8 30. Qxf5 Qxf5 31. Bxf5 Ra8 32. Be4 Rxa7 33. Rxa7 Nf6 34. Ra8 Re8 35. b5 Rxa8 36. Bxa8 Nd7 37. c4 Nb6 38. Bd5 g6 39. Be6 Kg7 40. c5 dxc5 41. dxc5 Na8 42. b6 1-0

[Event "Hessen-ch Seniors op 03rd"]
[Site "Bad Sooden-Allendorf"]
[Date "2007.05.03"]
[Round "6"]
[White "Helm, Irmgard"]
[Black "Huhn, Ulrich"]
[Result "0-1"]
[WhiteElo "1408"]
[BlackElo "1840"]
[PlyCount "106"]
[EventDate "2007.04.27"]
[EventType "swiss"]
[EventRounds "9"]
[EventCountry "GER"]
[SourceTitle "EXT 2022"]
[Source "ChessBase"]
[SourceDate "2021.10.06"]
[SourceVersion "1"]
[SourceVersionDate "2021.10.06"]
[SourceQuality "1"]

1. d4 d5 2. Nf3 Nf6 3. Bg5 Bf5 4. Nbd2 h6 5. Bh4 e6 6. e3 Be7 7. c4 c6 8. h3 Ne4 9. Bxe7 Qxe7 10. Rc1 Qb4 11. cxd5 Nxd2 12. Qxd2 Qxd2+ 13. Nxd2 exd5 14. Be2 Nd7 15. 0-0 0-0 16. g4 Bg6 17. Nf3 Be4 18. Nd2 Rfe8 19. Rfe1 Re7 20. f3 Bh7 21. Bd1 f5 22. f4 fxg4 23. Bxg4 Nf6 24. Bf3 Bf5 25. Kh2 Rae8 26. Nf1 Bd3 27. Kg1 Bxf1 28. Kxf1 Rxe3 29. Rxe3 Rxe3 30. Kf2 Re7 31. Re1 Rxe1 32. Kxe1 Kf7 33. Ke2 Ke6 34. Ke3 Kf5 35. b4 b6 36. a4 h5 37. Be2 a5 38. b5 cxb5 39. Bxb5 Kg6 40. Bd3+ Kf7 41. f5 Ne8 42. Kf4 Kf6 43. Bb5 Nd6 44. Bd7 Nxf5 45. Bxf5 g5+ 46. Ke3 Kxf5 47. Kf3 g4+ 48. hxg4+ hxg4+ 49. Kg3 Ke4 50. Kxg4 Kxd4 51. Kf3 Kc3 52. Ke2 d4 53. Kd1 Kb4 0-1

[Event "Hessen-ch Seniors op 03rd"]
[Site "Bad Sooden-Allendorf"]
[Date "2007.05.02"]
[Round "5"]
[White "Helm, Irmgard"]
[Black "Reinhold, Klaus"]
[Result "0-1"]
[WhiteElo "1408"]
[BlackElo "1932"]
[PlyCount "84"]
[EventDate "2007.04.27"]
[EventType "swiss"]
[EventRounds "9"]
[EventCountry "GER"]
[SourceTitle "EXT 2022"]
[Source "ChessBase"]
[SourceDate "2021.10.06"]
[SourceVersion "1"]
[SourceVersionDate "2021.10.06"]
[SourceQuality "1"]

1. e4 e5 2. Nf3 Nf6 3. Nc3 Nc6 4. Bc4 Bb4 5. 0-0 0-0 6. d4 exd4 7. Nxd4 Bxc3 8. bxc3 Nxe4 9. Qf3 d5 10. Bd3 Ne5 11. Qe3 Nxd3 12. Qxd3 c6 13. f3 Nd6 14. Bf4 Nc4 15. Rae1 Be6 16. Qe2 Re8 17. Qf2 Qf6 18. Qg3 h6 19. Re2 Bd7 20. Rfe1 c5 21. Rxe8+ Rxe8 22. Ne2 Bf5 23. Bc1 Bxc2 24. Nf4 Rxe1+ 25. Qxe1 Qc6 26. h4 Bf5 27. Qg3 d4 28. Nh5 Bg6 29. Nf4 d3 30. Qe1 Qd6 31. Bd2 Nxd2 32. Qxd2 c4 33. h5 Bxh5 34. Nxh5 Qc5+ 35. Kf1 Qxh5 36. Kf2 Qc5+ 37. Kf1 Qe5 38. Kf2 Kh7 39. f4 Qe4 40. Qe3 Qxe3+ 41. Kxe3 h5 42. a4 Kg6 0-1

[Event "Hessen-ch Seniors op 03rd"]
[Site "Bad Sooden-Allendorf"]
[Date "2007.04.29"]
[Round "2"]
[White "Helm, Irmgard"]
[Black "Ninic, Milutin"]
[Result "1-0"]
[WhiteElo "1408"]
[BlackElo "1653"]
[PlyCount "111"]
[EventDate "2007.04.27"]
[EventType "swiss"]
[EventRounds "9"]
[EventCountry "GER"]
[SourceTitle "EXT 2022"]
[Source "ChessBase"]
[SourceDate "2021.10.06"]
[SourceVersion "1"]
[SourceVersionDate "2021.10.06"]
[SourceQuality "1"]

1. e4 c5 2. Nf3 e6 3. Nc3 Nf6 4. d4 cxd4 5. Nxd4 Nc6 6. Nb3 a6 7. Bg5 Be7 8. Be2 b5 9. Be3 Bb7 10. 0-0 b4 11. Na4 Nxe4 12. Bb6 Qb8 13. Bf3 Nf6 14. Nac5 d5 15. Nd3 0-0 16. Be3 Bd6 17. g3 Nd7 18. Nbc5 Nxc5 19. Bxc5 Bxc5 20. Nxc5 Qa7 21. Nd3 Qb6 22. c3 a5 23. cxb4 Nxb4 24. Ne5 Rfd8 25. a3 Nc6 26. Nd3 e5 27. Bg4 g6 28. Qd2 Kg7 29. Rac1 Qd4 30. Qe2 f5 31. Bh3 Rac8 32. Nc5 Kf6 33. Nxb7 Qb6 34. Nxd8 Rxd8 35. Rfe1 e4 36. Qe3 d4 37. Rxc6+ Qxc6 38. Qd2 d3 39. Rc1 Qb5 40. Qc3+ Kg5 41. Qd2+ Kf6 42. g4 Rb8 43. g5+ Ke5 44. f4+ Kd5 45. Qc3 Ke6 46. Qf6+ Kd7 47. Qd4+ Ke8 48. Qh8+ Kf7 49. Qxh7+ Ke6 50. Qxg6+ Kd5 51. Qxf5+ Kd4 52. Qf6+ Ke3 53. Re1+ Kf3 54. Bg2+ Kg4 55. h3+ Kh4 56. Qh6+ 1-0

[Event "Hessen-ch Seniors op 03rd"]
[Site "Bad Sooden-Allendorf"]
[Date "2007.04.28"]
[Round "1"]
[White "Merettig, Georg"]
[Black "Helm, Irmgard"]
[Result "1-0"]
[WhiteElo "1819"]
[BlackElo "1408"]
[PlyCount "55"]
[EventDate "2007.04.27"]
[EventType "swiss"]
[EventRounds "9"]
[EventCountry "GER"]
[SourceTitle "EXT 2022"]
[Source "ChessBase"]
[SourceDate "2021.10.06"]
[SourceVersion "1"]
[SourceVersionDate "2021.10.06"]
[SourceQuality "1"]

1. Nc3 e6 2. f4 d5 3. e4 dxe4 4. Nxe4 Nf6 5. Ng3 Bc5 6. Nf3 Nc6 7. c3 0-0 8. d4 Bb6 9. Bd3 Re8 10. 0-0 e5 11. fxe5 Nxe5 12. Kh1 Nxd3 13. Qxd3 c5 14. Bg5 cxd4 15. Nxd4 Bxd4 16. cxd4 Be6 17. Nh5 Qa5 18. Nxf6+ gxf6 19. Bxf6 Qh5 20. Rf3 Bg4 21. Rg3 Re6 22. Qf3 Rae8 23. Rxg4+ Kf8 24. Qa3+ R8e7 25. Bxe7+ Rxe7 26. Re4 Qg5 27. Rae1 f5 28. Rxe7 1-0

[Event "Hessen-ch Seniors op 02nd"]
[Site "Bad Sooden-Allendorf"]
[Date "2006.05.02"]
[Round "8"]
[White "Wotschke, Claus"]
[Black "Helm, Irmgard"]
[Result "1/2-1/2"]
[WhiteElo "1412"]
[BlackElo "1437"]
[PlyCount "37"]
[EventDate "2006.04.25"]
[EventType "swiss"]
[EventRounds "9"]
[EventCountry "GER"]
[SourceTitle "EXT 2007"]
[Source "ChessBase"]
[SourceDate "2006.11.23"]
[SourceVersion "1"]
[SourceVersionDate "2006.11.23"]
[SourceQuality "1"]

1. d4 d5 2. c4 e6 3. Nf3 Nf6 4. a3 Nbd7 5. Nc3 c5 6. e3 b6 7. b3 Bb7 8. Bd3 Rc8 9. Bb2 Bd6 10. Nb5 Bb8 11. h3 a6 12. Nc3 h6 13. a4 Ne4 14. Qc2 Ndf6 15. Nd2 Nxd2 16. Qxd2 Ne4 17. Bxe4 dxe4 18. 0-0-0 cxd4 19. Qxd4 1/2-1/2